000 00496nam a2200157Ia 4500
003 GCL
008 140319s9999 xx 000 0 ara d
040 _aGCL /
_cGCL
082 0 4 _aد
_b050
_bم ث
100 1 _aالمجلس الوطنى للثقافة والفنون
245 1 0 _aالثقافة العالمية78 /
_cالمجلس الوطنى للثقافة والفنون
300 _a196 ص
490 _aالسلسلة الفلسفية
_v0
650 0 4 _aالدوريات
942 _2ddc
_cCF
999 _c27428
_d27428